00398nam a22001337a 450000500170000000800410001704100140005808200130007210000370008524500540012226000360017630000260021265000260023820240214145813.0240212b |||||||| |||| 00| 0 eng d aAfrikaans a349 TYD  aVan Loggerenberg, C lAfrikaans  aTydskrif vir Hedendaagse Romeins - Hollandse Reg  aDurban : bButterworth, c1987  b126 pages ; c25 cm.  aLegal practice bLaw